| Tag |
First Indicator |
Second Indicator |
Subfields |
| LEADER |
00000cam a2200000 4500 |
| 001 |
in00000028553 |
| 005 |
20230717170411.3 |
| 008 |
800702s1907 mau 000 0 eng |
| 010 |
|
|
|a 07038997 //r
|
| 035 |
|
|
|a (OCoLC)06477277
|
| 035 |
|
|
|9 AAD5676AM
|
| 040 |
|
|
|a DLC
|c TXA
|
| 049 |
|
|
|a TXAM
|c [2147]
|
| 050 |
|
|
|a SF995
|b .R65
|
| 060 |
|
4 |
|a SF 995
|b R658c 1907
|
| 092 |
|
|
|a 636.5
|b R662c
|
| 100 |
1 |
|
|a Robinson, John Henry,
|d 1863-1935.
|
| 245 |
1 |
0 |
|a Common-sense poultry doctor.
|c By John H. Robinson ...
|
| 260 |
|
|
|a Boston, Mass.,
|b Farm-poultry Publishing Co.,
|c 1907.
|
| 300 |
|
|
|a iv, [5]-176 p.
|c 20 cm.
|
| 336 |
|
|
|a text
|b txt
|2 rdacontent
|
| 337 |
|
|
|a unmediated
|b n
|2 rdamedia
|
| 338 |
|
|
|a volume
|b nc
|2 rdacarrier
|
| 490 |
0 |
|
|a Farm-poultry series, no. 10
|
| 650 |
|
0 |
|a Poultry
|x Diseases.
|
| 650 |
|
2 |
|a Poultry Diseases.
|
| 999 |
f |
f |
|s 0f0f94cd-59b0-33e0-8039-cf77f8dfde89
|i b7b4600e-ac8e-31e3-9c10-e5f40dd5b454
|t 0
|
| 952 |
f |
f |
|p noncirc
|a Texas A&M University
|b College Station
|c Medical Sciences Library
|d MSL: Special Collections
|t 0
|e SF 995 R6581 1907
|h Library of Congress classification
|i unmediated -- volume
|m 323890273790A
|
| 998 |
f |
f |
|a SF 995 R6581 1907
|t 0
|l MSL: Special Collections
|